000 01061cam a22003257a 4500
003 CHAP
005 20220329134105.0
008 971013s1977 r 00010 d
010 _a15245
011 _a16217
035 _a20296
040 _cCHAP
082 _a631.4913
_bG7
100 0 0 _aGreenland, D. J.
_950588
245 0 _aSoil conservation and management in the humid tropics
260 _aNew York :
_bWiley,
_c1977
300 _a1977
590 _aBATCH-UPD
_b10
_c20130110
_lUCH01
_h1919
590 _aBATCH-UPD
_b10
_c20130410
_lUCH01
_h1245
590 _aBATCH-UPD
_b10
_c20130914
_lUCH01
_h1315
590 _aCONVERSION
_b10
_c20130109
_lUCH01
_h1310
650 1 4 _aErosión.
_937335
650 1 4 _aSuelos tropicales.
_9110563
650 1 4 _aSuelos
_xConservación.
_9110283
700 0 _aLal, Rattan.
_964518
711 0 _aInternational Conference on Soil and Management in the Humid Tropics
_d(1975 :
_cIbadan, Nigeria)
_959631
901 _aBK
942 _cLIBRO
949 _a631.4913 G7
_bBC
_cLIBRO
_d33724000080107
_eLIBRO
_h47430
_i20296
_si
_t962.65
999 _c15245
_d15245